| 000 | 00324 a2200145 4500 | ||
|---|---|---|---|
| 003 | Nust | ||
| 005 | 20170207153433.0 | ||
| 040 | _cNust | ||
| 082 | _a910 | ||
| 100 | _aFox .S,Cyril | ||
| 245 |
_aPhysical Geography for Indian Students _cS,Cyril Fox |
||
| 260 |
_aLondon _bMacMillan _c1938 |
||
| 300 | _a562:p | ||
| 650 | _a Geography | ||
| 942 |
_2ddc _cBK |
||
| 999 |
_c186197 _d186197 |
||